[Event "Budapest FS07 IM"]
[Site "Budapest"]
[Date "2025.07.11"]
[Round "8"]
[White "Sanjay Narayanan, PS."]
[Black "Szeberenyi, Adam"]
[Result "1/2-1/2"]
[WhiteElo "2128"]
[BlackElo "2278"]
[PlyCount "83"]
[EventDate "2025.07.05"]
[EventType "tourn"]
[EventRounds "9"]
[EventCountry "HUN"]
[SourceTitle "CB29_2025"]
[SourceDate "2025.07.16"]
[SourceVersion "1"]
[SourceVersionDate "2025.07.16"]
[SourceQuality "1"]

1. e4 e6 2. d4 d5 3. e5 c5 4. c3 Qb6 5. Nf3 Nc6 6. Be2 cxd4 7. cxd4 Nh6 8. Nc3 Nf5 9. Na4 Qa5+ 10. Bd2 Bb4 11. Bc3 b5 12. a3 Bxc3+ 13. Nxc3 b4 14. axb4 Qxb4 15. Qa4 Qxa4 16. Rxa4 a5 17. 0-0 Ba6 18. g4 Bxe2 19. Nxe2 Nfe7 20. Nf4 0-0 21. Rc1 Rfb8 22. Nd3 Rb3 23. Rc3 Rab8 24. Ra3 Rxa3 25. bxa3 Rb1+ 26. Kg2 Rd1 27. Nb2 Rb1 28. Nd3 h6 29. h4 Kf8 30. Nc5 Ke8 31. Kg3 h5 32. Rb3 Rxb3 33. Nxb3 hxg4 34. Kxg4 Nf5 35. a4 g6 36. h5 Kf8 37. hxg6 fxg6 38. Kf4 Ke7 39. Kg4 Kf7 40. Ng5+ Ke7 41. Nf3 Kf8 42. Kf4 1/2-1/2

[Event "Budapest FS07 IM"]
[Site "Budapest"]
[Date "2025.07.08"]
[Round "4"]
[White "Abdulov, Orkhan Javanshir"]
[Black "Szeberenyi, Adam"]
[Result "1/2-1/2"]
[WhiteElo "2373"]
[BlackElo "2278"]
[PlyCount "38"]
[EventDate "2025.07.05"]
[EventType "tourn"]
[EventRounds "9"]
[EventCountry "HUN"]
[SourceTitle "CB29_2025"]
[SourceDate "2025.07.16"]
[SourceVersion "1"]
[SourceVersionDate "2025.07.16"]
[SourceQuality "1"]

1. e4 c5 2. Nf3 e6 3. d4 cxd4 4. Nxd4 Nf6 5. Nc3 Nc6 6. Nxc6 bxc6 7. e5 Nd5 8. Ne4 Bb7 9. c4 Nb4 10. Bd2 Qh4 11. Ng3 c5 12. Bc3 Be7 13. a3 Nc6 14. Bd3 Qf4 15. Ne2 Qg4 16. Ng3 Qf4 17. Ne2 Qg4 18. Ng3 Qf4 19. Ne2 Qg4 1/2-1/2

[Event "Budapest SixDays 05 IM-B"]
[Site "Budapest"]
[Date "2025.05.18"]
[Round "8"]
[White "Varga, Csaba Zoltan"]
[Black "Szeberenyi, Adam"]
[Result "1/2-1/2"]
[WhiteElo "2270"]
[BlackElo "2275"]
[PlyCount "34"]
[EventDate "2025.05.14"]
[EventType "tourn"]
[EventRounds "9"]
[EventCountry "HUN"]
[SourceTitle "CB21_2025"]
[SourceDate "2025.05.21"]
[SourceVersion "1"]
[SourceVersionDate "2025.05.21"]
[SourceQuality "1"]

1. d4 d5 2. c4 dxc4 3. Nf3 Nf6 4. e3 e6 5. Bxc4 c5 6. 0-0 a6 7. dxc5 Bxc5 8. Qxd8+ Kxd8 9. Rd1+ Ke7 10. Be2 Bd6 11. a3 b5 12. b4 Bb7 13. Bb2 Nbd7 14. Nbd2 Rhc8 15. Rac1 Rxc1 16. Rxc1 Rc8 17. Rxc8 Bxc8 1/2-1/2

[Event "Budapest SixDays 05 IM-B"]
[Site "Budapest"]
[Date "2025.05.14"]
[Round "1"]
[White "Felmery, Mate"]
[Black "Szeberenyi, Adam"]
[Result "1/2-1/2"]
[WhiteElo "2149"]
[BlackElo "2275"]
[PlyCount "37"]
[EventDate "2025.05.14"]
[EventType "tourn"]
[EventRounds "9"]
[EventCountry "HUN"]
[SourceTitle "CB21_2025"]
[SourceDate "2025.05.21"]
[SourceVersion "1"]
[SourceVersionDate "2025.05.21"]
[SourceQuality "1"]

1. e4 c5 2. Nf3 d6 3. Bb5+ Nd7 4. a4 Ngf6 5. Nc3 a6 6. Be2 g6 7. a5 Bg7 8. 0-0 b5 9. axb6 Bb7 10. d3 a5 11. h3 0-0 12. Qd2 Nxb6 13. Qg5 d5 14. Qh4 d4 15. Na4 Nxa4 16. Rxa4 Bc6 17. Ra2 Nd7 18. Nd2 a4 19. Nc4 1/2-1/2

[Event "Budapest Vezerkepzo Easter IM"]
[Site "Budapest"]
[Date "2025.04.20"]
[Round "9"]
[White "Szeberenyi, Adam"]
[Black "Leszko, Bence"]
[Result "1/2-1/2"]
[WhiteElo "2298"]
[BlackElo "2257"]
[PlyCount "62"]
[EventDate "2025.04.14"]
[EventType "tourn"]
[EventRounds "9"]
[EventCountry "HUN"]
[SourceTitle "CB17_2025"]
[SourceDate "2025.04.23"]
[SourceVersion "1"]
[SourceVersionDate "2025.04.23"]
[SourceQuality "1"]

1. d4 Nf6 2. Nf3 e6 3. c4 d5 4. Nc3 c5 5. cxd5 Nxd5 6. e4 Nxc3 7. bxc3 cxd4 8. cxd4 Bb4+ 9. Bd2 Bxd2+ 10. Qxd2 0-0 11. Bc4 b6 12. 0-0 Bb7 13. Qf4 Nd7 14. d5 Rc8 15. Rac1 exd5 16. Bxd5 Rxc1 17. Rxc1 Bxd5 18. exd5 Nc5 19. Rd1 h6 20. d6 Qd7 21. h3 Qe6 22. Qd4 Rd8 23. Ne5 Nb7 24. Nc4 Rc8 25. Ne3 Rd8 26. Nc4 Rd7 27. a4 a6 28. Qd5 Qxd5 29. Rxd5 f6 30. f4 Kf7 31. f5 b5 1/2-1/2

[Event "Budapest SixDays 11 IM-C"]
[Site "Budapest"]
[Date "2024.11.25"]
[Round "5"]
[White "Munkhgal, Gombosuren"]
[Black "Szeberenyi, Adam"]
[Result "1/2-1/2"]
[WhiteElo "2392"]
[BlackElo "2259"]
[PlyCount "28"]
[EventDate "2024.11.22"]
[EventType "tourn"]
[EventRounds "9"]
[EventCountry "HUN"]
[SourceTitle "CB49_2024"]
[SourceDate "2024.12.04"]
[SourceVersion "1"]
[SourceVersionDate "2024.12.04"]
[SourceQuality "1"]

1. d4 d5 2. Bf4 c5 3. Nc3 Nc6 4. e4 cxd4 5. exd5 dxc3 6. dxc6 Qxd1+ 7. Rxd1 bxc6 8. Bc7 e6 9. bxc3 Nf6 10. Rd8+ Ke7 11. Ba6 Bb7 12. Bxb7 Rxd8 13. Bxd8+ Kxd8 14. Bxc6 Bc5 1/2-1/2

[Event "Budapest SixDays 11 IM-C"]
[Site "Budapest"]
[Date "2024.11.24"]
[Round "4"]
[White "Szeberenyi, Adam"]
[Black "Kustar, Sandor"]
[Result "1/2-1/2"]
[WhiteElo "2259"]
[BlackElo "2260"]
[PlyCount "25"]
[EventDate "2024.11.22"]
[EventType "tourn"]
[EventRounds "9"]
[EventCountry "HUN"]
[SourceTitle "CB49_2024"]
[SourceDate "2024.12.04"]
[SourceVersion "1"]
[SourceVersionDate "2024.12.04"]
[SourceQuality "1"]

1. e4 c6 2. d4 d5 3. Nc3 dxe4 4. Nxe4 Nf6 5. Nxf6+ gxf6 6. Nf3 Bf5 7. Bd3 Nd7 8. 0-0 Bg6 9. Re1 e6 10. Bf4 Be7 11. c4 0-0 12. d5 cxd5 13. Bxg6 1/2-1/2

[Event "AUT-chT2O 2425"]
[Site "Austria"]
[Date "2024.10.13"]
[Round "3.2"]
[White "Szeberenyi, Adam"]
[Black "Jablonicky, Martin"]
[Result "1/2-1/2"]
[WhiteElo "2250"]
[BlackElo "2424"]
[PlyCount "53"]
[EventDate "2024.10.11"]
[EventType "team-tourn"]
[EventRounds "11"]
[EventCountry "AUT"]
[SourceTitle "CB42_2024"]
[Source "ChessBase"]
[SourceDate "2024.10.16"]
[SourceVersion "1"]
[SourceVersionDate "2024.10.16"]
[SourceQuality "1"]
[WhiteTeam "Schmelz/Klosterneuburg"]
[BlackTeam "Oggau Union"]
[WhiteTeamCountry "AUT"]
[BlackTeamCountry "AUT"]

1. Nf3 Nf6 2. g3 g6 3. Bg2 Bg7 4. 0-0 0-0 5. c4 d6 6. Nc3 e5 7. d3 Na6 8. Rb1 c6 9. b4 Nc7 10. b5 cxb5 11. Nxb5 Nxb5 12. Rxb5 Qc7 13. Ba3 Bd7 14. Rb1 Bc6 15. Qb3 Rfc8 16. Nd2 Bxg2 17. Kxg2 b6 18. f3 Rab8 19. Ne4 Nxe4 20. fxe4 a6 21. Qb4 Bf8 22. Qd2 Qc6 23. g4 Be7 24. Rf3 Qd7 25. g5 h6 26. gxh6 Qe6 27. Qe3 1/2-1/2

[Event "AUT-chT2O 2425"]
[Site "Austria"]
[Date "2024.10.12"]
[Round "2.2"]
[White "Shengelia, Davit"]
[Black "Szeberenyi, Adam"]
[Result "1-0"]
[WhiteElo "2449"]
[BlackElo "2250"]
[PlyCount "85"]
[EventDate "2024.10.11"]
[EventType "team-tourn"]
[EventRounds "11"]
[EventCountry "AUT"]
[SourceTitle "CB42_2024"]
[Source "ChessBase"]
[SourceDate "2024.10.16"]
[SourceVersion "1"]
[SourceVersionDate "2024.10.16"]
[SourceQuality "1"]
[WhiteTeam "Wien Austria"]
[BlackTeam "Schmelz/Klosterneuburg"]
[WhiteTeamCountry "AUT"]
[BlackTeamCountry "AUT"]

1. d4 Nf6 2. c4 g6 3. Nf3 Bg7 4. g3 d5 5. cxd5 Nxd5 6. Bg2 Nb6 7. 0-0 Nc6 8. Nc3 Nxd4 9. Nxd4 Qxd4 10. Nb5 Qc4 11. Qb3 0-0 12. Qxc4 Nxc4 13. Nxc7 Rb8 14. Nd5 Be6 15. Rb1 Rbd8 16. Rd1 Kh8 17. e4 f5 18. b3 Nd6 19. Nc7 Bc8 20. Bg5 Bf6 21. Bh6 Bg7 22. Bxg7+ Kxg7 23. e5 Ne4 24. Rbc1 Rxd1+ 25. Rxd1 Nc3 26. Rd2 f4 27. Bxb7 f3 28. Rd3 Ne2+ 29. Kf1 Bxb7 30. Ne6+ Kg8 31. Nxf8 Kxf8 32. Rd7 Be4 33. Rxa7 Nd4 34. Ra4 Bd3+ 35. Ke1 Ne6 36. Ra8+ Kf7 37. a4 Nc5 38. Kd2 Be2 39. b4 Nd3 40. b5 Nxf2 41. b6 Ne4+ 42. Ke3 Nc5 43. Ra5 1-0

[Event "Budapest SixDays 06 IM-A"]
[Site "Budapest"]
[Date "2024.06.05"]
[Round "4"]
[White "Jaiveer, Mahendru"]
[Black "Szeberenyi, Adam"]
[Result "1/2-1/2"]
[WhiteElo "2195"]
[BlackElo "2257"]
[PlyCount "61"]
[EventDate "2024.06.03"]
[EventType "tourn"]
[EventRounds "9"]
[EventCountry "HUN"]
[SourceTitle "CBM 220 Extra"]
[Source "ChessBase"]
[SourceDate "2024.07.31"]
[SourceVersion "1"]
[SourceVersionDate "2024.07.31"]
[SourceQuality "1"]

1. e4 c5 2. Nf3 e6 3. d4 cxd4 4. Nxd4 Nf6 5. Nc3 Nc6 6. Nxc6 bxc6 7. e5 Nd5 8. Ne4 Bb7 9. Nd6+ Bxd6 10. exd6 c5 11. c4 Nf6 12. f3 0-0 13. Bd3 Ne8 14. 0-0 Nxd6 15. Bxh7+ Kxh7 16. Qxd6 Qh4 17. Qxd7 Qd4+ 18. Qxd4 cxd4 19. Bf4 f6 20. Bd6 Rfe8 21. c5 a5 22. Rad1 e5 23. Kf2 a4 24. Rfe1 g5 25. h4 gxh4 26. Rh1 Kg6 27. Rxh4 Bd5 28. Rdh1 Bxa2 29. Rh7 Bg8 30. Rb7 e4 31. fxe4 1/2-1/2

[Event "HUN-chT1 Charousek 2324"]
[Site "Hungary"]
[Date "2024.05.12"]
[Round "11.2"]
[White "Pataki, Gyozo"]
[Black "Szeberenyi, Adam"]
[Result "1/2-1/2"]
[WhiteElo "2308"]
[BlackElo "2308"]
[PlyCount "33"]
[EventDate "2023.10.08"]
[EventType "team-tourn"]
[EventRounds "11"]
[EventCountry "HUN"]
[SourceTitle "EXT 2025"]
[Source "ChessBase"]
[SourceDate "2024.10.14"]
[SourceVersion "1"]
[SourceVersionDate "2024.10.14"]
[SourceQuality "1"]
[WhiteTeam "Balatonfuered"]
[BlackTeam "Biatorbagy II"]
[WhiteTeamCountry "HUN"]
[BlackTeamCountry "HUN"]

1. d4 d5 2. c4 e6 3. Nc3 Nf6 4. Nf3 Be7 5. Bg5 0-0 6. e3 h6 7. Bh4 b6 8. cxd5 exd5 9. Bd3 Bb7 10. 0-0 Ne4 11. Bxe7 Qxe7 12. Qb3 Nxc3 13. Qxc3 c5 14. dxc5 bxc5 15. Rac1 Nd7 16. Bf5 Rfc8 17. Bxd7 1/2-1/2

[Event "HUN-chT 2324"]
[Site "Hungary"]
[Date "2024.05.11"]
[Round "8.8"]
[White "Szeberenyi, Adam"]
[Black "Marton, Jozsef"]
[Result "1-0"]
[WhiteElo "2308"]
[BlackElo "1985"]
[PlyCount "53"]
[EventDate "2023.10.28"]
[EventType "team-tourn"]
[EventRounds "9"]
[EventCountry "HUN"]
[SourceTitle "EXT 2025"]
[Source "ChessBase"]
[SourceDate "2024.10.14"]
[SourceVersion "1"]
[SourceVersionDate "2024.10.14"]
[SourceQuality "1"]
[WhiteTeam "Biatorbagy"]
[BlackTeam "Tapolca Varos"]
[WhiteTeamCountry "HUN"]
[BlackTeamCountry "HUN"]

1. d4 d5 2. c4 e6 3. Nf3 Nf6 4. Nc3 Be7 5. Bg5 0-0 6. e3 h6 7. Bh4 b6 8. Qb3 Bb7 9. Bxf6 Bxf6 10. cxd5 exd5 11. Be2 c6 12. 0-0 Nd7 13. Rfe1 Be7 14. Rad1 Nf6 15. Ne5 Bd6 16. f4 Qe7 17. Bf3 Rac8 18. e4 Bxe5 19. dxe5 Nxe4 20. Bxe4 dxe4 21. Nxe4 Rcd8 22. Nd6 c5 23. e6 Rxd6 24. exf7+ Qxf7 25. Qxf7+ Rxf7 26. Rxd6 Rxf4 27. Rd7 1-0